000
00316nam a2200133Ia 4500
005
20260328104310.0
008
260328s9999||||xx |||||||||||||| ||und||
100
_a
Kéré, Francis
245
0
_a
Radically simple /
_c
Francis Kéré
260
_b
Hatje Cantz
300
_a
207 p.
650
_a
ESCUELAS
942
_c
BK
999
_c
10938
_d
10938